Compendio de derecho mercantil / (Record no. 5477)
[ view plain ]
| 000 -CABECERA | |
|---|---|
| campo de control de longitud fija | 00794cam a2200205 a 4500 |
| 001 - NÚMERO DE CONTROL | |
| campo de control | 000005680 |
| 005 - FECHA Y HORA DE LA ÚLTIMA TRANSACCIÓN | |
| campo de control | 20200929151738.0 |
| 008 - DATOS DE LONGITUD FIJA--INFORMACIÓN GENERAL | |
| campo de control de longitud fija | 090821s1998 mx 000 0 spa d |
| 020 ## - NÚMERO INTERNACIONAL ESTÁNDAR DEL LIBRO | |
| Número Internacional Estándar del Libro | 9684442564 |
| 040 ## - FUENTE DE LA CATALOGACIÓN | |
| Centro catalogador/agencia de origen | DO-SdBNP |
| Lengua de catalogación | spa |
| Centro/agencia transcriptor | BNPHU |
| 082 ## - NÚMERO DE LA CLASIFICACIÓN DECIMAL DEWEY | |
| Número de clasificación | 346.07 |
| Número de documento/Ítem | Q58c |
| 100 1# - ENTRADA PRINCIPAL--NOMBRE DE PERSONA | |
| Nombre de persona | Quevedo Coronado, Ignacio, |
| Fechas asociadas al nombre | 1940- |
| 9 (RLIN) | 16049 |
| 245 10 - MENCIÓN DE TÍTULO | |
| Título | Compendio de derecho mercantil / |
| Mención de responsabilidad, etc. | Ignacio Quevedo Coronado ; editor Miguel Ángel Calderón Reyes. |
| 260 ## - PUBLICACIÓN, DISTRIBUCIÓN, ETC. | |
| Lugar de publicación, distribución, etc. | México : |
| Nombre del editor, distribuidor, etc. | Addison Wesley Longman, |
| Fecha de publicación, distribución, etc. | 1998. |
| 300 ## - DESCRIPCIÓN FÍSICA | |
| Extensión | 320 p. : |
| Otras características físicas | il. ; |
| Dimensiones | 24 cm. |
| 500 ## - NOTA GENERAL | |
| Nota general | Incluye datos biográficos de autor en la contracubierta. |
| 500 ## - NOTA GENERAL | |
| Nota general | Incluye referencias bibliográfica y notas al pie de las páginas |
| 650 #7 - PUNTO DE ACCESO ADICIONAL DE MATERIA--TÉRMINO DE MATERIA | |
| Término de materia o nombre geográfico como elemento de entrada | Derecho mercantil |
| Subdivisión general | Manuales |
| Fuente del encabezamiento o término | SEARS |
| 9 (RLIN) | 16050 |
| 700 1# - PUNTO DE ACCESO ADICIONAL--NOMBRE DE PERSONA | |
| Nombre de persona | Calderón Reyes, Miguel Ángel, |
| Término indicativo de función/relación | ed. |
| 9 (RLIN) | 16051 |
| Estado de retiro | Estado de pérdida | Restricciones de uso | No para préstamo | Código de colección | Localización permanente | Ubicación/localización actual | Ubicación en estantería | Fecha de adquisición | Número de inventario | Total de préstamos | Signatura topográfica completa | Código de barras | Fecha visto por última vez | Precio válido a partir de | Tipo de ítem Koha | Número de copia |
|---|---|---|---|---|---|---|---|---|---|---|---|---|---|---|---|---|
| Excluido de préstamo | Monografías: Libros y Folletos | General | General | Depósito | 21.08.2009 | LF1 | 346.07 Q58c | 5680-10 | 25.06.2020 | 25.06.2020 | No se presta | |||||
| Excluido de préstamo | Monografías: Libros y Folletos | General | General | Depósito | 16.11.2009 | LF1 | 346.07 Q58c | 5680-20 | 25.06.2020 | 25.06.2020 | No se presta | e. 2 |
